Prostranstvennyje otobraženija s ograničennym iskaženijem

Gespeichert in:
Bibliographische Detailangaben
Format: Buch
Sprache:Russisch
Veröffentlicht: Novosibirsk Nauka 1982
Tags: Tag hinzufügen
Keine Tags, Fügen Sie das erste Tag hinzu!

MARC

LEADER 00000nam a2200000 4500
001 c131513
005 20250722095403.5
041 0 |a rus 
044 |a RU 
245 1 0 |a Prostranstvennyje otobraženija s ograničennym iskaženijem  |c Jurij Grigor'jevič Rešetnjak 
264 1 |a Novosibirsk  |b Nauka  |c 1982 
300 |a 281 s.